|
|
แสดงรายละเอียดบรรณานุกรม |
|
|
Brief Record
: Get Marc (ISO 2709)
: E-mail record
: |
| LEADER 00000nama 2200000uu 4500 | |||
| 001 189320 | |||
| 003 ULIBM | |||
| 008 040531s2545 th m m a000 0 tha d | |||
| 020 974-678-202-9 | |||
| 041 tha | |||
| 050 วจ WA100 ส759ก 2545 | |||
| 100 สุชาดา สุวรรณคำ | |||
| 245 รายงานวิจัย เรื่อง การพัฒนาระบบทางเลือกเพื่อการส่งเสริมสุขภาพสตรีวัยกลางคน :สถานการณ์ในมิติภาคพื้นบ้าน และแบบประชาชนภาคอีสาน | |||
| 246 สุขภาพ - วิจัย | |||
| 260 มหาวิทยาลัยขอนแก่น ขอนแก่น 2545 | |||
| 300 82 หน้า | |||
| 650 การส่งเสริมสุขภาพ - วิจัย | |||
| 999 ^aใช้งานได้ทุกระบบ | |||
| คุณยังไม่ได้ล็อกอิน คุณสามารถมีกิจกรรมร่วมกับเว็บไซต์ได้ แต่ต้องล็อกอินก่อน :: |
|
| สถานะ | |||||||||
| 1. | งานวิจัย | วจ WA100 ส759ก 2545 | On Shelf ขอยืม | ||||||
| [แสดง 1/1 รายการ] | |||||||||
| รายการใกล้เคียง หัวเรื่อง [การส่งเสริมสุขภาพ - วิจัย]
|
BibComment |
| คอมเมนท์ทรัพยากรรายการนี้ |
|
|